000 00489nam a2200169 i 4500
001 150497
003 ES-MaACL
005 20240525062948.0
007 t|
008 071031s1933 sp ||||1| spa d
100 1 _aValdés Nicolau, Francisco,
_d1892-1936
_9112504
245 1 0 _aLetras
_b: notas de un lector /
_cFrancisco Valdés.
260 _aMadrid :
_bEspasa Calpe,
_c1933.
300 _a190 p. ;
_c20 cm.
852 _aES-MaACL
_jB-12838
999 _c150497
_d150497